Normal view
MARC view
- Belli Roberto
Entry Personal Name
001 - CONTROL NUMBER
- control field: 30858
003 - CONTROL NUMBER IDENTIFIER
- control field: IT-RoPau
005 - DATE AND TIME OF LATEST TRANSACTION
- control field: 20140620113925.0
008 - FIXED-LENGTH DATA ELEMENTS
- fixed length control field: 140620|| aca||aabn | a|a d
040 ## - CATALOGING SOURCE
- Original cataloging agency: IT-RoPau
- Transcribing agency: IT-RoPau
100 ## - HEADING--PERSONAL NAME
- Personal name: Belli Roberto
670 ## - SOURCE DATA FOUND
- Source citation: Work cat.: (IT-RoPau)101730: Belli Roberto, Liberi liberi